000 00376pam a2200145a 44500
008 230405s2003 xxu||||| |||| 00| 0 eng d
041 _aENG
100 _aANTHONY ROBERT N.
245 _aMANAGEMENT CONTROL SYSTEM
260 _aNEW DELHI
_bTATA MCGRAW HILL PUB.,NEW DEHLI -
_c2003
300 _a888
650 _aMANAGEMENT CONTROL SYSTEM
690 _aMBA
906 _a3880
999 _c284691
_d284691